Paldea Pokémon (Hard edition) - Statistics

General Stats
  • This quiz has been taken 40 times
  • The average score is 308 of 400
Answer Stats
No. Pokémon % Correct
#004 Fuecoco
92%
#059 Igglybuff
92%
#060 Jigglypuff
92%
#316 Larvitar
92%
#003 Meowscarada
92%
#022 Pawmi
92%
#023 Pawmo
92%
#024 Pawmot
92%
#073 Pichu
92%
#074 Pikachu
92%
#317 Pupitar
92%
#007 Quaxly
92%
#075 Raichu
92%
#001 Sprigatito
92%
#215 Teddiursa
92%
#318 Tyranitar
92%
#216 Ursaring
92%
#061 Wigglytuff
92%
#160 Annihilape
88%
#276 Bagon
88%
#005 Crocalor
88%
#148 Diglett
88%
#149 Dugtrio
88%
#264 Espathra
88%
#193 Farigiraf
88%
#076 Fidough
88%
#145 Flabébé
88%
#020 Fletchinder
88%
#019 Fletchling
88%
#263 Flittle
88%
#146 Floette
88%
#002 Floragato
88%
#147 Florges
88%
#068 Gastly
88%
#070 Gengar
88%
#222 Gogoat
88%
#056 Golduck
88%
#135 Gyarados
88%
#069 Haunter
88%
#016 Hoppip
88%
#018 Jumpluff
88%
#274 Larvesta
88%
#010 Lechonk
88%
#015 Lokix
88%
#164 Lucario
88%
#134 Magikarp
88%
#209 Magnemite
88%
#210 Magneton
88%
#158 Mankey
88%
#400 Miraidon
88%
#114 Misdreavus
88%
#115 Mismagius
88%
#011 Oinkologne
88%
#296 Orthworm
88%
#159 Primeape
88%
#055 Psyduck
88%
#009 Quaquaval
88%
#255 Rabsca
88%
#254 Rellor
88%
#163 Riolu
88%
#278 Salamence
88%
#261 Scizor
88%
#260 Scyther
88%
#277 Shelgon
88%
#221 Skiddo
88%
#017 Skiploom
88%
#013 Spidops
88%
#021 Talonflame
88%
#281 Tinkaton
88%
#280 Tinkatuff
88%
#275 Volcarona
88%
#288 Wiglett
88%
#289 Wugtrio
88%
#108 Applin
84%
#086 Arboliva
84%
#214 Arcanine
84%
#389 Arctibax
84%
#048 Azumarill
84%
#046 Azurill
84%
#390 Baxcalibur
84%
#368 Bisharp
84%
#045 Blissey
84%
#290 Bombirdier
84%
#087 Bonsly
84%
#250 Capsakid
84%
#092 Carkol
84%
#167 Ceruledge
84%
#362 Cetitan
84%
#361 Cetoddle
84%
#044 Chansey
84%
#165 Charcadet
84%
#054 Clodsire
84%
#093 Coalossal
84%
#077 Dachsbun
84%
#370 Deino
84%
#374 Dondozo
84%
#123 Donphan
84%
#179 Eevee
84%
#183 Espeon
84%
#109 Flapple
84%
#182 Flareon
84%
#127 Gabite
84%
#128 Garchomp
84%
#131 Garganacl
84%
#126 Gible
84%
#192 Girafarig
84%
#186 Glaceon
84%
#174 Goodra
84%
#172 Goomy
84%
#213 Growlithe
84%
#043 Happiny
84%
#117 Hariyama
84%
#026 Houndoom
84%
#025 Houndour
84%
#372 Hydreigon
84%
#382 Iron Treads
84%
#181 Jolteon
84%
#178 Kilowattrel
84%
#369 Kingambit
84%
#249 Klawf
84%
#185 Leafeon
84%
#211 Magnezone
84%
#116 Makuhita
84%
#047 Marill
84%
#141 Meowth
84%
#129 Nacli
84%
#130 Naclstack
84%
#014 Nymble
84%
#367 Pawniard
84%
#133 Pelipper
84%
#142 Persian
84%
#122 Phanpy
84%
#294 Revavroom
84%
#397 Roaring Moon
84%
#091 Rolycoly
84%
#251 Scovillain
84%
#202 Shroodle
84%
#006 Skeledirge
84%
#173 Sliggoo
84%
#084 Smoliv
84%
#113 Squawkabilly
84%
#088 Sudowoodo
84%
#187 Sylveon
84%
#012 Tarountula
84%
#375 Tatsugiri
84%
#223 Tauros
84%
#279 Tinkatink
84%
#244 Toedscool
84%
#245 Toedscruel
84%
#184 Umbreon
84%
#180 Vaporeon
84%
#293 Varoom
84%
#373 Veluza
84%
#177 Wattrel
84%
#132 Wingull
84%
#053 Wooper
84%
#229 Zoroark
84%
#228 Zorua
84%
#371 Zweilous
84%
#206 Amoonguss
80%
#110 Appletun
80%
#166 Armarouge
80%
#138 Basculin
80%
#171 Bellibolt
80%
#154 Bronzong
80%
#153 Bronzor
80%
#051 Buizel
80%
#042 Corviknight
80%
#041 Corvisquire
80%
#119 Crabominable
80%
#118 Crabrawler
80%
#295 Cyclizar
80%
#354 Delibird
80%
#212 Ditto
80%
#085 Dolliv
80%
#307 Dragapult
80%
#348 Dragonair
80%
#349 Dragonite
80%
#306 Drakloak
80%
#347 Dratini
80%
#305 Dreepy
80%
#189 Dudunsparce
80%
#188 Dunsparce
80%
#208 Electrode
80%
#346 Flamigo
80%
#379 Flutter Mane
80%
#205 Foongus
80%
#259 Forretress
80%
#388 Frigibax
80%
#359 Froslass
80%
#065 Gallade
80%
#064 Gardevoir
80%
#392 Gholdengo
80%
#391 Gimmighoul
80%
#358 Glalie
80%
#203 Grafaiai
80%
#376 Great Tusk
80%
#030 Greedent
80%
#384 Iron Hands
80%
#398 Iron Valiant
80%
#063 Kirlia
80%
#399 Koraidon
80%
#197 Mabosstiff
80%
#239 Mimikyu
80%
#100 Oricorio
80%
#258 Pineco
80%
#008 Quaxwell
80%
#062 Ralts
80%
#040 Rookidee
80%
#381 Sandy Shocks
80%
#377 Scream Tail
80%
#029 Skwovet
80%
#080 Slaking
80%
#078 Slakoth
80%
#380 Slither Wing
80%
#230 Sneasel
80%
#357 Snorunt
80%
#170 Tadbulb
80%
#071 Tandemaus
80%
#150 Torkoal
80%
#198 Toxel
80%
#199 Toxtricity
80%
#079 Vigoroth
80%
#207 Voltorb
80%
#231 Weavile
80%
#353 Abomasnow
76%
#220 Altaria
76%
#299 Banette
76%
#243 Brambleghast
76%
#242 Bramblin
76%
#378 Brute Bonnet
76%
#394 Chien-Pao
76%
#396 Chi-Yu
76%
#360 Cryogonal
76%
#052 Floatzel
76%
#309 Glimmora
76%
#311 Greavard
76%
#194 Grimer
76%
#287 Grimmsnarl
76%
#312 Houndstone
76%
#285 Impidimp
76%
#383 Iron Bundle
76%
#385 Iron Jugulis
76%
#386 Iron Moth
76%
#387 Iron Thorns
76%
#105 Lilligant
76%
#224 Litleo
76%
#196 Maschiff
76%
#072 Maushold
76%
#286 Morgrem
76%
#195 Muk
76%
#104 Petilil
76%
#238 Polteageist
76%
#225 Pyroar
76%
#035 Scatterbug
76%
#218 Seviper
76%
#298 Shuppet
76%
#237 Sinistea
76%
#352 Snover
76%
#036 Spewpa
76%
#204 Stantler
76%
#097 Starly
76%
#219 Swablu
76%
#037 Vivillon
76%
#217 Zangoose
76%
#103 Ampharos
72%
#136 Arrokuda
72%
#137 Barraskewda
72%
#330 Cloyster
72%
#102 Flaaffy
72%
#247 Fomantis
72%
#308 Glimmet
72%
#282 Hatenna
72%
#284 Hatterene
72%
#283 Hattrem
72%
#301 Hawlucha
72%
#262 Heracross
72%
#233 Honchkrow
72%
#241 Indeedee
72%
#248 Lurantis
72%
#101 Mareep
72%
#232 Murkrow
72%
#313 Oranguru
72%
#201 Pachirisu
72%
#323 Palossand
72%
#314 Passimian
72%
#322 Sandygast
72%
#329 Shellder
72%
#099 Staraptor
72%
#098 Staravia
72%
#032 Sunflora
72%
#031 Sunkern
72%
#395 Ting-Lu
72%
#257 Venomoth
72%
#256 Venonat
72%
#393 Wo-Chien
72%
#336 Alomomola
68%
#364 Avalugg
68%
#155 Axew
68%
#363 Bergmite
68%
#081 Bounsweet
68%
#366 Braviary
68%
#057 Chewtle
68%
#339 Clauncher
68%
#340 Clawitzer
68%
#125 Copperajah
68%
#175 Croagunk
68%
#124 Cufant
68%
#190 Deerling
68%
#338 Dragalge
68%
#058 Drednaw
68%
#066 Drowzee
68%
#342 Eelektrik
68%
#343 Eelektross
68%
#320 Eiscue
68%
#291 Finizen
68%
#156 Fraxure
68%
#028 Gumshoos
68%
#157 Haxorus
68%
#265 Hippopotas
68%
#266 Hippowdon
68%
#067 Hypno
68%
#268 Krokorok
68%
#269 Krookodile
68%
#090 Lycanroc
68%
#303 Noibat
68%
#304 Noivern
68%
#292 Palafin
68%
#321 Pincurchin
68%
#331 Qwilfish
68%
#089 Rockruff
68%
#365 Rufflet
68%
#120 Salandit
68%
#121 Salazzle
68%
#271 Sandaconda
68%
#267 Sandile
68%
#191 Sawsbuck
68%
#270 Silicobra
68%
#337 Skrelp
68%
#082 Steenee
68%
#176 Toxicroak
68%
#246 Tropius
68%
#083 Tsareena
68%
#341 Tynamo
68%
#027 Yungoos
68%
#356 Beartic
64%
#152 Camerupt
64%
#355 Cubchoo
64%
#200 Dedenne
64%
#095 Luxio
64%
#096 Luxray
64%
#344 Mareanie
64%
#162 Medicham
64%
#161 Meditite
64%
#272 Mudbray
64%
#273 Mudsdale
64%
#151 Numel
64%
#310 Rotom
64%
#094 Shinx
64%
#325 Slowbro
64%
#326 Slowking
64%
#324 Slowpoke
64%
#345 Toxapex
64%
#107 Breloom
60%
#335 Bruxish
60%
#252 Cacnea
60%
#253 Cacturne
60%
#038 Combee
60%
#144 Drifblim
60%
#143 Drifloon
60%
#333 Finneon
60%
#315 Komala
60%
#334 Lumineon
60%
#332 Luvdisc
60%
#106 Shroomish
60%
#319 Stonjourner
60%
#039 Vespiquen
60%
#168 Barboach
56%
#351 Frosmoth
56%
#234 Gothita
56%
#236 Gothitelle
56%
#235 Gothorita
56%
#112 Grumpig
56%
#240 Klefki
56%
#050 Masquerain
56%
#297 Sableye
56%
#350 Snom
56%
#302 Spiritomb
56%
#111 Spoink
56%
#049 Surskit
56%
#169 Whiscash
56%
#300 Falinks
52%
#328 Gastrodon
52%
#033 Kricketot
52%
#034 Kricketune
52%
#327 Shellos
52%
#227 Skuntank
52%
#226 Stunky
52%
#139 Gulpin
44%
#140 Swalot
44%
No matching quizzes found
Score Distribution
Percent of People with Each Score
Percentile by Number Answered
Your Score History
You have not taken this quiz